[Event "NED-chT 0910"]
[Site "Netherlands"]
[Date "2010.04.18"]
[Round "9.10"]
[White "Groffen, Hans"]
[Black "Hupkes, Jasper"]
[Result "1-0"]
[WhiteElo "2148"]
[BlackElo "1796"]
[PlyCount "83"]
[EventDate "2009.09.26"]
[EventType "team"]
[EventRounds "9"]
[EventCountry "NED"]
[SourceTitle "EXT 2011"]
[Source "ChessBase"]
[SourceDate "2010.11.26"]
[SourceVersion "1"]
[SourceVersionDate "2010.11.26"]
[SourceQuality "1"]
[WhiteTeam "Sas van Gent"]
[BlackTeam "Groningen Hotels"]
[WhiteTeamCountry "NED"]
[BlackTeamCountry "NED"]

1. d4 Nf6 2. c4 c5 3. d5 e6 4. Nc3 exd5 5. cxd5 d6 6. Nf3 g6 7. e4 Bg7 8. Bg5 0-0 9. Nd2 Re8 10. Be2 Na6 11. 0-0 Nc7 12. a4 b6 13. f4 Qd7 14. h3 Ba6 15. Bxa6 Nxa6 16. Bh4 Nb4 17. a5 b5 18. f5 gxf5 19. Bxf6 Bxf6 20. Rxf5 Bg7 21. Qh5 a6 22. Raf1 f6 23. R1f4 Qf7 24. Qg4 Kh8 25. Rh5 Nd3 26. Rf1 Nxb2 27. Nf3 Qg8 28. Nh4 Qf7 29. Qf5 h6 30. e5 Rxe5 31. Ng6+ Kg8 32. Nxe5 dxe5 33. Rf3 Kh8 34. Ne4 Rf8 35. Nxc5 Qa7 36. Qg6 Qxc5+ 37. Kh2 Qe7 38. Rxh6+ Kg8 39. Rg3 Rf7 40. Qh7+ Kf8 41. Qh8+ Bxh8 42. Rxh8# 1-0

[Event "Enschede op-B U16"]
[Site "Enschede"]
[Date "2009.08.05"]
[Round "6"]
[White "Gunther, Justin"]
[Black "Hupkes, Jasper"]
[Result "1-0"]
[WhiteElo "1935"]
[BlackElo "1758"]
[PlyCount "31"]
[EventDate "2009.08.03"]
[EventType "swiss"]
[EventRounds "9"]
[EventCountry "NED"]
[SourceTitle "CBM 132 Extra"]
[Source "ChessBase"]
[SourceDate "2009.11.03"]
[SourceVersion "1"]
[SourceVersionDate "2009.11.03"]
[SourceQuality "1"]

1. e4 e6 2. d4 d5 3. Nc3 Bb4 4. e5 c5 5. a3 Bxc3+ 6. bxc3 Ne7 7. Qg4 0-0 8. Nf3 c4 9. Bg5 Nbc6 10. Bf6 g6 11. Qg5 Qa5 12. Kd2 Nf5 13. g4 Ncxd4 14. Nxd4 Nxd4 15. Qh6 Nf3+ 16. Kd1 1-0

[Event "Enschede op-B U16"]
[Site "Enschede"]
[Date "2009.08.05"]
[Round "4"]
[White "Otten, Martijn"]
[Black "Hupkes, Jasper"]
[Result "1-0"]
[WhiteElo "1913"]
[BlackElo "1758"]
[PlyCount "133"]
[EventDate "2009.08.03"]
[EventType "swiss"]
[EventRounds "9"]
[EventCountry "NED"]
[SourceTitle "CBM 132 Extra"]
[Source "ChessBase"]
[SourceDate "2009.11.03"]
[SourceVersion "1"]
[SourceVersionDate "2009.11.03"]
[SourceQuality "1"]

1. d4 e6 2. c4 Nf6 3. Nc3 Bb4 4. f3 d5 5. a3 Be7 6. e4 0-0 7. e5 Ne8 8. Bd3 dxc4 9. Bxc4 c5 10. d5 exd5 11. Bxd5 Nc7 12. Be4 Qxd1+ 13. Kxd1 Rd8+ 14. Kc2 Nc6 15. Bxc6 bxc6 16. g4 Ne6 17. Nce2 Nd4+ 18. Kc3 Ba6 19. Nxd4 cxd4+ 20. Kc2 Rd5 21. f4 Bf1 22. h4 d3+ 23. Kd1 Bc5 24. Ke1 Bg2 25. Rh2 Be4 26. Nh3 Bf3 27. g5 Rad8 28. b4 Bd4 29. Rb1 c5 30. bxc5 Rxc5 31. Bd2 g6 32. Nf2 Bc3 33. Nd1 Bxd2+ 34. Rxd2 Rc4 35. Rf2 Re4+ 36. Kd2 Re2+ 37. Kc3 Rc8+ 38. Kxd3 Rd8+ 39. Kc3 Rxd1 40. Rb8+ Kg7 41. Rxf3 Ra1 42. Rb3 Re4 43. f5 gxf5 44. Rxf5 Re3+ 45. Kb4 Rxb3+ 46. Kxb3 Rb1+ 47. Ka4 Rh1 48. Rf4 Re1 49. Kb5 Rxe5+ 50. Ka6 Re7 51. a4 Kg6 52. Rf6+ Kg7 53. a5 Re6+ 54. Kxa7 Re1 55. a6 Rb1 56. Rb6 Re1 57. Ka8 Re8+ 58. Rb8 Re7 59. a7 Kg6 60. Rh8 Kg7 61. Rc8 Re1 62. Kb7 Rb1+ 63. Kc7 Rc1+ 64. Kd7 Rd1+ 65. Ke7 Re1+ 66. Kd6 Rd1+ 67. Ke5 1-0

[Event "Enschede op-B U16"]
[Site "Enschede"]
[Date "2009.08.04"]
[Round "3"]
[White "Hupkes, Jasper"]
[Black "Warmelink, Evie"]
[Result "0-1"]
[WhiteElo "1758"]
[BlackElo "2002"]
[PlyCount "76"]
[EventDate "2009.08.03"]
[EventType "swiss"]
[EventRounds "9"]
[EventCountry "NED"]
[SourceTitle "CBM 132 Extra"]
[Source "ChessBase"]
[SourceDate "2009.11.03"]
[SourceVersion "1"]
[SourceVersionDate "2009.11.03"]
[SourceQuality "1"]

1. d4 Nf6 2. Nf3 g6 3. c4 Bg7 4. Nc3 0-0 5. e4 d6 6. Be2 Nbd7 7. 0-0 e5 8. Re1 exd4 9. Nxd4 Re8 10. f3 h6 11. Be3 Nf8 12. Qd2 Kh7 13. Bd1 Ne6 14. Ba4 Bd7 15. Bxd7 Qxd7 16. Rad1 Rad8 17. Nd5 Ng8 18. Re2 c6 19. Nc3 Nc7 20. Nb3 Nf6 21. Bxa7 Qe6 22. Bb6 Qe7 23. Qc2 Rd7 24. c5 dxc5 25. Rxd7 Qxd7 26. Nxc5 Qd4+ 27. Kh1 Na8 28. N3a4 Nxb6 29. Nxb6 Rd8 30. h3 Nh5 31. Rf2 Qd1+ 32. Qxd1 Rxd1+ 33. Kh2 Be5+ 34. f4 Bxf4+ 35. Rxf4 Nxf4 36. Kg3 g5 37. Nxb7 Rd3+ 38. Kf2 Rd2+ 0-1

[Event "Enschede op-B U16"]
[Site "Enschede"]
[Date "2009.08.04"]
[Round "2"]
[White "Sekandar, Kambiz"]
[Black "Hupkes, Jasper"]
[Result "0-1"]
[WhiteElo "1890"]
[BlackElo "1758"]
[PlyCount "64"]
[EventDate "2009.08.03"]
[EventType "swiss"]
[EventRounds "9"]
[EventCountry "NED"]
[SourceTitle "CBM 132 Extra"]
[Source "ChessBase"]
[SourceDate "2009.11.03"]
[SourceVersion "1"]
[SourceVersionDate "2009.11.03"]
[SourceQuality "1"]

1. e4 e6 2. d4 d5 3. e5 c5 4. c3 Nc6 5. Nf3 Qb6 6. a3 f6 7. Bd3 g6 8. exf6 Nxf6 9. 0-0 Bd7 10. dxc5 Qxc5 11. Bf4 Bg7 12. Ne5 0-0 13. Nd2 Qe7 14. Ndf3 Nh5 15. Bg5 Qd6 16. Nxd7 Qxd7 17. Re1 Qf7 18. Qc2 Rae8 19. c4 Nf4 20. Bxf4 Qxf4 21. Rad1 Nd4 22. Nxd4 Bxd4 23. Re2 Rc8 24. b3 e5 25. a4 Bb6 26. Qd2 Qxd2 27. Rexd2 e4 28. Bb1 e3 29. Rxd5 e2 30. Re1 Bxf2+ 31. Kh1 Bxe1 32. Re5 Rf1# 0-1

[Event "Enschede op-B U16"]
[Site "Enschede"]
[Date "2009.08.03"]
[Round "1"]
[White "Hupkes, Jasper"]
[Black "Hachijan, Armen"]
[Result "1-0"]
[WhiteElo "1758"]
[BlackElo "2151"]
[PlyCount "84"]
[EventDate "2009.08.03"]
[EventType "swiss"]
[EventRounds "9"]
[EventCountry "NED"]
[SourceTitle "CBM 132 Extra"]
[Source "ChessBase"]
[SourceDate "2009.11.03"]
[SourceVersion "1"]
[SourceVersionDate "2009.11.03"]
[SourceQuality "1"]

1. d4 Nf6 2. c4 g6 3. Nc3 Bg7 4. e4 d6 5. Nf3 0-0 6. Be2 e5 7. 0-0 Nc6 8. d5 Ne7 9. b4 Nh5 10. Re1 a5 11. Ba3 axb4 12. Bxb4 Nf4 13. Bf1 f5 14. g3 fxe4 15. Nxe4 Nh3+ 16. Bxh3 Bxh3 17. Nfg5 Bc8 18. c5 Ra6 19. cxd6 cxd6 20. Ne6 Bxe6 21. dxe6 Nf5 22. Qd5 Qe7 23. Red1 Rd8 24. Rac1 Bf8 25. Ba5 Re8 26. Rc7 Rxa5 27. Qxa5 Qxe6 28. Qd5 Bg7 29. Qxe6+ Rxe6 30. Rxb7 Nd4 31. Rb8+ Bf8 32. Kf1 Kg7 33. Rc1 Be7 34. Rc7 h6 35. Nxd6 Rxd6 36. Rxe7+ Kf6 37. Reb7 Nc6 38. Rb6 Ke7 39. Rc8 Kd7 40. Rcxc6 Rxc6 41. Rxc6 Kxc6 42. Ke2 Kd5 1-0